| 000 | 00000nam##2200000za#4500 |
| 001 | 9.699851 |
| 003 | CaOODSP |
| 005 | 20210625000552 |
| 007 | cr ||||||||||| |
| 008 | 150407|2014||||xxc|||||o f|0| 0 eng|d |
| 020 | |a978-1-100-24989-6 |
| 040 | |aCaOODSP|beng |
| 043 | |an-cn--- |
| 086 | 1 |aCH7-20/2014E-PDF |
| 110 | 1 |aCanada. |bCanadian Heritage. |
| 245 | 10|aGrouped arts evaluation - Canada Arts Presentation Fund (CAPF), Canada Cultural Spaces Fund (CCSF), Canada Cultural Investment Fund (CCIF) / |h[electronic resource]|c[issued by the] Office of the Chief Audit and Evaluation Executive, Evaluation Services Directorate. |
| 260 | |aOttawa - Ontario : |bCanadian Heritage |cAugust 2014. |
| 300 | |a71p.|bfigs., references, tables |
| 590 | |a14-48|b2014-11-28 |
| 690 | 07|aArts|2gcpds |
| 690 | 07|aPublic funding|2gcpds |
| 775 | 08|tÉvaluation groupée des arts - Fonds du Canada pour la présentation des arts (FCPA), Fonds du Canada pour les espaces culturels (FCEC), Fonds du Canada pour l'investissement en culture (FCIC) / |w(CaOODSP)9.643805 |
| 776 | 0#|tGrouped Arts Evaluation: Canada Arts Presentation Fund (CAPF), Canada Cultural Spaces Fund (CCSF), Canada Cultural Investment Fund (CCIF) / |w(CaOODSP)9.630215 |
| 794 | |tGrouped arts evaluation : |w(CaOODSP)9.878639 |
| 856 | 40|ahttp://publications.gc.ca|qPDF|s961 KB|uhttps://publications.gc.ca/collections/collection_2014/pc-ch/CH7-20-2014-eng.pdf |